| 000 | 01289nam a2200349Ia 4500 | ||
|---|---|---|---|
| 001 | ebr10250458 | ||
| 003 | CaPaEBR | ||
| 006 | m u | ||
| 007 | cr cn||||||||| | ||
| 008 | 071206s2008 enka sb 001 0 eng d | ||
| 010 | _z 2007049167 | ||
| 020 | _z0754671283 | ||
| 020 | _z9780754671282 | ||
| 040 |
_aCaPaEBR _cCaPaEBR |
||
| 035 | _a(OCoLC)323200003 | ||
| 050 | 1 | 4 |
_aHQ76.25 _b.Q389 2008eb |
| 082 | 0 | 4 |
_a306.76/6 _222 |
| 245 | 0 | 0 |
_aQueering the non/human _h[electronic resource] / _cedited by Noreen Giffney, Myra J. Hird. |
| 260 |
_aAldershot, Hampshire, England ; _aBurlington, VT : _bAshgate, _cc2008. |
||
| 300 |
_axxviii, 384 p. : _bill. |
||
| 490 | 1 | _aQueer interventions | |
| 504 | _aIncludes bibliographical references and index. | ||
| 533 |
_aElectronic reproduction. _bPalo Alto, Calif. : _cebrary, _d2009. _nAvailable via World Wide Web. _nAccess may be limited to ebrary affiliated libraries. |
||
| 650 | 0 | _aHomosexuality. | |
| 650 | 0 | _aQueer theory. | |
| 655 | 7 |
_aElectronic books. _2local |
|
| 700 | 1 | _aGiffney, Noreen. | |
| 700 | 1 | _aHird, Myra J. | |
| 710 | 2 | _aebrary, Inc. | |
| 830 | 0 | _aQueer interventions. | |
| 856 | 4 | 0 |
_uhttp://site.ebrary.com/lib/rucke/Doc?id=10250458 _zAn electronic book accessible through the World Wide Web; click to view |
| 999 |
_c35695 _d35695 |
||